Statistics for Country Transits: Closest Countries to Afghanistan by Starting Letter

Click here to take the quiz!

General Stats

  • This quiz has been taken 172 times
  • The average score is 21 of 24

Answer Stats

LetterCountry% Correct
QQatar (4)
97%
AArmenia-Azerbaijan (2)
96%
TTajikistan-Turkmenistan (1)
96%
YYemen (4)
95%
OOman (4)
95%
IIran (1)
94%
UUzbekistan (1)
93%
PPakistan (1)
93%
BBhutan-Burma (2)
92%
SSaudi Arabia-South Korea-Sri Lanka-Syria (3)
92%
RRussia (2)
92%
NNepal-North Korea (2)
92%
ZZambia (9)
91%
KKazakhstan-Kyrgyzstan (2)
90%
JJordan (3)
88%
GGeorgia-Greece (3)
88%
VVietnam (2)
88%
CChina (1)
88%
LLaos (2)
86%
DDenmark (5)
83%
HHungary (4)
80%
FFinland (3)
79%
MMongolia (2)
78%
EEstonia (3)
77%

Score Distribution

Percentile by Number Answered

Percent of People with Each Score

Your Score History

You have not taken this quiz